Every AFL Grand Final Sprint Winner Since 2002 - Statistics

General Stats
  • This quiz has been taken 20 times
    3 since last reset
  • The average score is 7 of 22
Answer Stats
Year Team Answer % Correct
2025 Gold Coast Jed Walter
100%
2023 Geelong Max Holmes
100%
2024 Collingwood Beau McCreery
67%
2022 Richmond Hugo Ralphsmith
67%
2019 Gold Coast Ben King
33%
2005 Richmond Brett Deledio
33%
2007 Richmond Jake King
33%
2020 Geelong Jordan Clark
33%
2014 Geelong Jordan Murdoch
33%
2015 North Melbourne Majak Daw
33%
2013 Adelaide Patrick Dangerfield
33%
2012 Adelaide Patrick Dangerfield
33%
2011 Adelaide Patrick Dangerfield
33%
2009 St Kilda Rhys Stanley
33%
2006 Carlton Brendan Fevola
0%
2017 Richmond Connor Menadue
0%
2004 Fremantle James Walker
0%
2003 Fremantle James Walker
0%
2002 Sydney Jared Crouch
0%
2021 West Coast Josh Rotham
0%
2010 St Kilda Luke Miles
0%
2008 Richmond Matthew White
0%
No matching quizzes found
Score Distribution
Percent of People with Each Score
Percentile by Number Answered
Your Score History
You have not taken this quiz since the last reset